000 00439nam a2200181Ia 4500
008 230524s9999 xx 000 0 und d
020 _a9788131714737
082 _a5.133
_bTFL
100 _aCharles P.Pfleeger
245 0 _aSecurity in Computing
250 _a3RD
260 _aNEW DELHI
_bPHI
_c2005
300 _aXV;727
500 _aQuantity Number: 74
650 _aComp-Sc
700 _a Shari Lawrence Pfleeger
942 _cBK
999 _c29191
_d29191